MARC details
| 000 -CABECERA |
| campo de control de longitud fija |
00969cam a2200265 a 4500 |
| 001 - NÚMERO DE CONTROL |
| campo de control |
000003832 |
| 005 - FECHA Y HORA DE LA ÚLTIMA TRANSACCIÓN |
| campo de control |
20200929150603.0 |
| 008 - DATOS DE LONGITUD FIJA--INFORMACIÓN GENERAL |
| campo de control de longitud fija |
930329r19931930riu 000 1 eng |
| 010 ## - NÚMERO DE CONTROL DE LA BIBLIOTECA DEL CONGRESO |
| Número de control de LC |
93013214 |
| 020 ## - NÚMERO INTERNACIONAL ESTÁNDAR DEL LIBRO |
| Número Internacional Estándar del Libro |
1559210869 : |
| Condiciones de disponibilidad |
$8.95 |
| 040 ## - FUENTE DE LA CATALOGACIÓN |
| Centro catalogador/agencia de origen |
DO-SdBNP |
| Centro/agencia transcriptor |
DLC |
| Centro/agencia modificador |
DLC |
| 043 ## - CÓDIGO DE ÁREA GEOGRÁFICA |
| Código de área geográfica |
a-cc--- |
| 050 00 - SIGNATURA TOPOGRÁFICA DE LA BIBLIOTECA DEL CONGRESO |
| Número de clasificación |
PS3503.U198 |
| Número de documento/Ítem |
E2 1993 |
| 082 00 - NÚMERO DE LA CLASIFICACIÓN DECIMAL DEWEY |
| Número de clasificación |
813/.52 |
| Número de edición |
20 |
| 100 1# - ENTRADA PRINCIPAL--NOMBRE DE PERSONA |
| Nombre de persona |
Buck, Pearl S. |
| Forma completa/desarrollada del nombre |
(Pearl Sydenstricker), |
| Fechas asociadas al nombre |
1892-1973. |
| 9 (RLIN) |
11588 |
| 245 10 - MENCIÓN DE TÍTULO |
| Título |
Viento del este, viento del oeste / |
| Mención de responsabilidad, etc. |
Pearl S. Buck. |
| 250 ## - MENCIÓN DE EDICIÓN |
| Mención de edición |
3a ed. |
| 260 ## - PUBLICACIÓN, DISTRIBUCIÓN, ETC. |
| Lugar de publicación, distribución, etc. |
Barcelona : |
| Nombre del editor, distribuidor, etc. |
Edicones G. P.; |
| Lugar de publicación, distribución, etc. |
Emeryville, CA : |
| Nombre del editor, distribuidor, etc. |
Distributed in North America by Publishers Group West, |
| Fecha de publicación, distribución, etc. |
1993. |
| 300 ## - DESCRIPCIÓN FÍSICA |
| Extensión |
277 p. ; |
| Dimensiones |
21 cm. |
| 490 1# - MENCIÓN DE SERIE |
| Mención de serie |
Oriental novels of Pearl S. Buck ; |
| Designación de volumen o secuencia |
8th |
| 650 #0 - PUNTO DE ACCESO ADICIONAL DE MATERIA--TÉRMINO DE MATERIA |
| Término de materia o nombre geográfico como elemento de entrada |
Married people |
| Subdivisión general |
Fiction. |
| 9 (RLIN) |
11601 |
| 651 #0 - PUNTO DE ACCESO ADICIONAL DE MATERIA--NOMBRE GEOGRÁFICO |
| Nombre geográfico |
China |
| Subdivisión general |
Fiction. |
| 9 (RLIN) |
11602 |
| 800 1# - PUNTO DE ACCESO ADICIONAL DE SERIE--NOMBRE DE PERSONA |
| Nombre de persona |
Buck, Pearl S. |
| Forma completa/desarrollada del nombre |
(Pearl Sydenstricker), |
| Fechas asociadas al nombre |
1892-1973. |
| Título de la obra |
Oriental novels of Pearl S. Buck ; |
| Designación de volumen o secuencia |
8th |
| 9 (RLIN) |
11603 |
| 910 ## - DATOS DE OPCIÓN DEL USUARIO (OCLC) |
| Datos de opción del usuario |
Catalogación por copia / LC |